Die Fehler des kopisten

Saved in:
Bibliographic Details
Main Author: STRAUSS, Botho
Format: Book
Language:English
Published: Carl Hanser Verlag 1997.
Tags: Add Tag
No Tags, Be the first to tag this record!

MARC

LEADER 00000nam a22000007a 4500
008 210419b ||||| |||| 00| 0 eng d
020 |a  3-446-19029-5 
100 |a STRAUSS, Botho. 
245 |a Die Fehler des kopisten  |c Botho Strauss 
260 |b Carl Hanser Verlag  |c 1997.  |h  Munchen  |i 674140  |l PT2681 .St8  |m Literature – Foreign language 
942 |a lcc  |c BK  |e ADEKANYE I. H.  |f 19/04/2021 
952 |0 0  |1 0  |2 lcc  |4 0  |6 PT2681 S T8  |7 0  |9 2174  |a HOL  |b HOL  |c LP  |d 2021-04-19  |l 0  |o PT2681 .St8  |p 2021-6028  |r 2021-04-19 00:00:00  |w 2021-04-19  |y BK 
999 |c 1119  |d 1119